01708nam a2200277 i 4500003000900000005001700009007000300026008004100029020001800070020002600088040003000114082001300144100004000157245004300197264007200240300002800312336002700340337003400367338002800401520081200429590002701241910001401268942001401282952011701296999001701413DO-SdBNP20240710120057.0ta240710b2010 xxu 00| 0 spa d a9780553386813 a9780307576200 (eBook) aDO-SdBNPbspacBNPHUerda 4222bG869 aGrisham, John,d1955-910906eautor10aFord county :bstories /cJohn Grisham aNew York, Estados Unidos : bBantam books trade paperbacks, c2010. a324 páginas :c21 cm. 2rdacontentatextobtxt 2rdamediaasin mediaciónbnc 2rdacarrieravolumenbnc aCondado de Ford. El corazón del sur profundo de Estados Unidos. Un lugar de dura belleza, de sueños rotos y deseos finales. Del legendario autor de thrillers legales John Grisham llega una colección única de historias conectadas por la vida y los crímenes del condado de Ford. Desde un abogado de divorcios oprimido y bebedor que busca dinero, hasta un preso manipulador condenado a muerte con una última súplica, el condado de Ford presenta un vívido elenco de abogados, delincuentes, estafadores y convictos. De sus historias emerge una rica imagen de las vidas vividas y perdidas en Mississippi. Completamente apasionante, frecuentemente conmovedora y siempre entretenida, Ford County rebosa la misma calidad de pasar página y el mismo drama conmovedor de sus bestsellers anteriores. aInventariado, 2024/ YL aYlockward 2ddccLBS1 00102ddc56708GRaBNPHUbBNPHUcCTd2016-10-17eDonación l0oG869p2024-4317r2024-07-10w2024-07-10yLBS1 c57241d57241